| 000 | 00849nam a2200229 a 4500 | ||
|---|---|---|---|
| 001 | BRL_38 | ||
| 005 | 20190320210548.0 | ||
| 008 | 911210s1991 enka######---#000-0#eng-# | ||
| 020 | _a1853320668 | ||
| 041 | _aeng | ||
| 044 | _aenk | ||
| 050 | 4 |
_aN1165.S _b.E96 1991 |
|
| 245 | 1 | 0 | _aExotic Europeans. |
| 260 |
_aLondon _bSouth Bank Centre _c1991 |
||
| 300 |
_a104 p. _bil. (algunas a color) _c21 cm. |
||
| 500 | _aCatálogo de la exposición realizada en City of Bristol Museum and Art Gallery, 19 enero – 3 marzo, 1991 ; en Graves Art Gallery, Sheffield, 16 marzo – 28 abril ; en Birmingham Museum and Art Gallery, 11 mayo – 7 julio ; y en Walker Art Gallery, Liverpool, 24 julio – 31 agosto, 1991. | ||
| 500 | _aAu57 | ||
| 504 | _aBibliografía: p. 102-103 | ||
| 710 | 2 |
_aSouth Bank Centre _922721 |
|
| 902 | _aGRL | ||
| 942 |
_2lcc _cB |
||
| 999 |
_c8851 _d8851 |
||